[Event "Novi Sad TS GM/IM Mix 189th"]
[Site "Novi Sad"]
[Date "2024.03.01"]
[Round "3"]
[White "Damljanovic, Branko"]
[Black "Gagic, Milan A"]
[Result "1/2-1/2"]
[WhiteElo "2377"]
[BlackElo "2242"]
[PlyCount "84"]
[EventDate "2024.02.29"]
[EventType "swiss"]
[EventRounds "9"]
[EventCountry "SRB"]
[SourceTitle "CB12_2024"]
[SourceDate "2023.10.01"]
[SourceVersion "1"]
[SourceVersionDate "2023.10.01"]
[SourceQuality "1"]

1. e4 e6 2. Qe2 c5 3. Nf3 Nc6 4. g3 g6 5. Bg2 Bg7 6. 0-0 Nge7 7. c3 e5 8. d3 0-0 9. a3 d6 10. b4 b5 11. a4 bxa4 12. b5 Na5 13. Rxa4 a6 14. c4 axb5 15. cxb5 Bd7 16. Nc3 Nb3 17. Qa2 Nd4 18. Bg5 Rxa4 19. Qxa4 f6 20. Be3 Qa8 21. Qxa8 Rxa8 22. Rb1 Rb8 23. b6 Nc8 24. Nd5 Nb5 25. Nd2 Nxb6 26. Nxb6 Rxb6 27. Nc4 Ra6 28. h4 Bf8 29. Kh2 Ra7 30. Bh3 f5 31. Nb6 Na3 32. Ra1 Be6 33. Nc4 Nb5 34. exf5 Rxa1 35. fxe6 Nd4 36. Bxd4 cxd4 37. Nb6 Be7 38. Nd5 Kf8 39. Bg2 Ra2 40. Kg1 h6 41. Be4 g5 42. h5 Ra5 1/2-1/2

[Event "Senta Fantastico op 02"]
[Site "Senta"]
[Date "2024.02.25"]
[Round "5"]
[White "Gagic, Milan A"]
[Black "Yordanov, Lachezar"]
[Result "0-1"]
[WhiteElo "2242"]
[BlackElo "2299"]
[PlyCount "68"]
[EventDate "2024.02.22"]
[EventType "swiss"]
[EventRounds "9"]
[EventCountry "SRB"]
[SourceTitle "CB10_2024"]
[SourceDate "2024.03.06"]
[SourceVersion "1"]
[SourceVersionDate "2024.03.06"]
[SourceQuality "1"]

1. e4 c5 2. Nf3 Nc6 3. Bb5 g6 4. Nc3 Bg7 5. d3 Nd4 6. Bc4 e6 7. Nxd4 cxd4 8. Nb5 d5 9. exd5 exd5 10. Bf4 dxc4 11. Nc7+ Kf8 12. Nxa8 Nf6 13. 0-0 Bg4 14. f3 Bf5 15. Nc7 Nh5 16. Qc1 g5 17. Bxg5 Qxc7 18. g4 h6 19. Bh4 Nf4 20. Kh1 Bxg4 21. Bg3 Be5 22. Qd2 Qc6 23. Qf2 Bh3 24. Bxf4 Bxf4 25. Qxd4 Rg8 26. Rf2 Bc7 27. Qe3 Rg6 28. Rg1 Rxg1+ 29. Kxg1 cxd3 30. cxd3 Bb6 31. Qd2 Qg6+ 32. Kh1 Bxf2 33. Qxf2 Qxd3 34. Qc5+ Kg8 0-1

[Event "SRB-ch sf"]
[Site "Paracin"]
[Date "2024.02.09"]
[Round "7"]
[White "Gagic, Milan A"]
[Black "Zivkovic, Momcilo"]
[Result "1-0"]
[WhiteElo "2242"]
[BlackElo "1915"]
[PlyCount "71"]
[EventDate "2024.02.05"]
[EventType "swiss"]
[EventRounds "9"]
[EventCountry "SRB"]
[SourceTitle "CB07_2024"]
[SourceDate "2024.02.14"]
[SourceVersion "1"]
[SourceVersionDate "2024.02.14"]
[SourceQuality "1"]

1. e4 c5 2. Nf3 e6 3. c3 d5 4. exd5 Qxd5 5. d4 Nf6 6. Na3 Nc6 7. Be3 cxd4 8. Nb5 Qd8 9. Nbxd4 Nxd4 10. Bxd4 Be7 11. Be2 0-0 12. 0-0 b6 13. a4 Bb7 14. a5 Bc5 15. Qa4 Bxd4 16. Nxd4 e5 17. Nf3 Qc7 18. Rfe1 h6 19. Qc4 Qe7 20. Qb5 e4 21. Nd4 Qc7 22. Bf1 Rfe8 23. g3 Re5 24. axb6 axb6 25. Rxa8+ Bxa8 26. Qc4 Rc5 27. Qa4 Ra5 28. Qd1 Re5 29. Bg2 Bd5 30. Qd2 Re8 31. Nf5 Rd8 32. Qc2 Bb7 33. Ne3 Rd3 34. Ra1 Qd8 35. Ra7 Qb8 36. Rxb7 1-0

[Event "SRB-ch sf"]
[Site "Paracin"]
[Date "2024.02.06"]
[Round "3"]
[White "Gagic, Milan A"]
[Black "Ivanisevic, Ivan"]
[Result "0-1"]
[WhiteElo "2242"]
[BlackElo "2520"]
[PlyCount "84"]
[EventDate "2024.02.05"]
[EventType "swiss"]
[EventRounds "9"]
[EventCountry "SRB"]
[SourceTitle "CB07_2024"]
[SourceDate "2024.02.14"]
[SourceVersion "1"]
[SourceVersionDate "2024.02.14"]
[SourceQuality "1"]

1. e4 e5 2. Nf3 Nc6 3. Bb5 a6 4. Ba4 Nf6 5. 0-0 d6 6. d3 g6 7. Nc3 Bg7 8. Nd5 Nxd5 9. exd5 b5 10. dxc6 bxa4 11. c3 a3 12. b3 0-0 13. Bxa3 Qe8 14. c4 Qxc6 15. Bb2 Qb7 16. d4 e4 17. Ne1 c6 18. Ba3 Rd8 19. Rc1 a5 20. Nc2 a4 21. b4 d5 22. cxd5 Rxd5 23. Qe1 Be6 24. Qxe4 Rd7 25. Rfd1 Bd5 26. Qf4 Bxa2 27. Ne1 Bb3 28. Rd3 Qb5 29. h4 Re7 30. Re3 Rxe3 31. Qxe3 Bd5 32. Nd3 Qb6 33. Nc5 Qd8 34. h5 Qh4 35. hxg6 hxg6 36. f4 Qg4 37. Ne4 f5 38. Ng3 Bxd4 39. Qxd4 Qxg3 40. Qb2 Qe3+ 41. Kh1 Ra7 42. Qf6 Rh7+ 0-1

[Event "Wch U18"]
[Site "Montesilvano"]
[Date "2023.11.13"]
[Round "1"]
[White "Galaviz Medina, Sion Radamantys"]
[Black "Gagic, Milan A"]
[Result "1-0"]
[WhiteElo "2461"]
[BlackElo "2164"]
[PlyCount "97"]
[EventDate "2023.11.13"]
[EventType "swiss"]
[EventRounds "11"]
[EventCountry "ITA"]
[SourceTitle "CB48_2023"]
[SourceDate "2023.11.29"]
[SourceVersion "1"]
[SourceVersionDate "2023.11.29"]
[SourceQuality "1"]

1. d4 d5 2. c4 e6 3. Nc3 c5 4. cxd5 exd5 5. Nf3 Nf6 6. g3 Nc6 7. Bg2 cxd4 8. Nxd4 Bc5 9. Nb3 Bb6 10. 0-0 d4 11. Na4 0-0 12. Bg5 Re8 13. Rc1 h6 14. Bxf6 Qxf6 15. Nac5 Bg4 16. Re1 Rad8 17. h3 Bc8 18. Nd3 h5 19. Qd2 h4 20. g4 Bc7 21. Rc5 Qd6 22. Rec1 Be6 23. Kf1 Qh2 24. Qg5 Bd6 25. Rb5 Bxb3 26. axb3 Ne5 27. Rd5 Nxd3 28. exd3 Rc8 29. Rxc8 Rxc8 30. Rxd4 b5 31. Re4 Bf8 32. Qf4 Qxf4 33. Rxf4 Rc1+ 34. Ke2 f6 35. Kd2 Rc5 36. d4 Rg5 37. Kd3 Bd6 38. Re4 f5 39. Re6 Bh2 40. Bf3 fxg4 41. Bxg4 Kf8 42. Ke4 Bg1 43. f4 Rxg4 44. hxg4 h3 45. Kf3 Bxd4 46. Kg3 Bxb2 47. Kxh3 Bd4 48. g5 Kf7 49. f5 1-0

[Event "SRB-chT 2nd League"]
[Site "Novi Sad"]
[Date "2023.11.08"]
[Round "9.4"]
[White "Gagic, Milan A"]
[Black "Milanovic, Marko"]
[Result "1-0"]
[WhiteElo "2164"]
[BlackElo "2251"]
[PlyCount "139"]
[EventDate "2023.11.02"]
[EventType "team-tourn"]
[EventRounds "11"]
[EventCountry "SRB"]
[SourceTitle "CB46_2023"]
[SourceDate "2023.11.15"]
[SourceVersion "1"]
[SourceVersionDate "2023.11.15"]
[SourceQuality "1"]
[WhiteTeam "Gajdobra Hercegovac"]
[BlackTeam "Krajisnik Krajina"]
[WhiteTeamCountry "SRB"]
[BlackTeamCountry "SRB"]

1. e4 e5 2. Nf3 Nc6 3. Bb5 a6 4. Ba4 Nf6 5. 0-0 Be7 6. d3 d6 7. c3 0-0 8. Re1 b5 9. Bc2 h6 10. Nbd2 Re8 11. Nf1 Bf8 12. d4 Bg4 13. d5 Ne7 14. h3 Bd7 15. b3 c6 16. c4 cxd5 17. cxd5 Rc8 18. Ng3 g5 19. Nh2 Ng6 20. Bd3 Nf4 21. Bf1 Rc7 22. Ng4 Nh7 23. Ne3 Qf6 24. a4 Qg6 25. axb5 axb5 26. Ra6 Nf6 27. Ba3 Nxe4 28. Nxe4 Qxe4 29. Bxd6 Bxd6 30. Rxd6 Kg7 31. g3 Ng6 32. Rxd7 Rxd7 33. Bxb5 Red8 34. Bxd7 Rxd7 35. Qg4 Qxg4 36. hxg4 Kf6 37. Ra1 Rd6 38. Ra7 Ne7 39. Ra5 Rb6 40. Nc4 Rxb3 41. Ra6+ Kg7 42. d6 Ng6 43. d7 Rb8 44. Rc6 Rd8 45. Nb6 Kf8 46. Kg2 Ke7 47. Kf3 f6 48. Ke4 Nf8 49. Kf5 Rb8 50. Rxf6 Nxd7 51. Re6+ Kd8 52. Nxd7 Kxd7 53. Rxe5 Rf8+ 54. Kg6 Rxf2 55. Kxh6 Kd6 56. Rf5 Rg2 57. Kxg5 Rxg3 58. Rf1 Ke6 59. Kh5 Rg2 60. g5 Rh2+ 61. Kg6 Ke7 62. Kg7 Rg2 63. Re1+ Kd7 64. g6 Rg3 65. Kf7 Rf3+ 66. Kg8 Rg3 67. g7 Kd6 68. Rh1 Ke7 69. Kh8 Kf7 70. Rf1+ 1-0

[Event "SRB-chT 2nd League"]
[Site "Novi Sad"]
[Date "2023.11.02"]
[Round "1.4"]
[White "Farkas, Tibor"]
[Black "Gagic, Milan A"]
[Result "1/2-1/2"]
[WhiteElo "2201"]
[BlackElo "2164"]
[PlyCount "45"]
[EventDate "2023.11.02"]
[EventType "team-tourn"]
[EventRounds "11"]
[EventCountry "SRB"]
[SourceTitle "CB46_2023"]
[SourceDate "2023.11.15"]
[SourceVersion "1"]
[SourceVersionDate "2023.11.15"]
[SourceQuality "1"]
[WhiteTeam "Lajos Segi Bajsa"]
[BlackTeam "Gajdobra Hercegovac"]
[WhiteTeamCountry "SRB"]
[BlackTeamCountry "SRB"]

1. e4 c6 2. d4 d5 3. e5 Bf5 4. Be3 e6 5. Nd2 Nd7 6. Be2 a5 7. Ngf3 a4 8. c3 f6 9. 0-0 fxe5 10. Nxe5 Bd6 11. f4 Ne7 12. Bh5+ g6 13. Bf3 Bxe5 14. dxe5 Bd3 15. Be2 Bxe2 16. Qxe2 0-0 17. Nf3 Nf5 18. Bf2 Qe7 19. h3 Ng7 20. Qe3 Nf5 21. Qe2 Ng7 22. Qe3 Nf5 23. Qe2 1/2-1/2

[Event "SRB-chT Premier"]
[Site "Bajina Basta"]
[Date "2023.09.18"]
[Round "1.3"]
[White "Radovanovic, Dusan"]
[Black "Gagic, Milan A"]
[Result "1/2-1/2"]
[WhiteElo "2311"]
[BlackElo "2110"]
[PlyCount "75"]
[EventDate "2023.09.18"]
[EventType "team-tourn"]
[EventRounds "11"]
[EventCountry "SRB"]
[SourceTitle "EXT 2024"]
[Source "ChessBase"]
[SourceDate "2023.10.10"]
[SourceVersion "1"]
[SourceVersionDate "2023.10.10"]
[SourceQuality "1"]
[WhiteTeam "Pozega"]
[BlackTeam "Novi Sad SK"]
[WhiteTeamCountry "SRB"]
[BlackTeamCountry "SRB"]

1. d4 Nf6 2. Bg5 d5 3. Bxf6 exf6 4. e3 g6 5. c4 Bg7 6. cxd5 Qxd5 7. Nc3 Qa5 8. g3 0-0 9. Bg2 c5 10. Nge2 Nc6 11. d5 Ne5 12. 0-0 Nc4 13. Qc2 f5 14. Rfd1 Nd6 15. a3 Bd7 16. h4 h5 17. Nf4 Rac8 18. Ne6 Rfe8 19. Nxg7 Kxg7 20. b3 Qd8 21. Ne2 Qf6 22. Rac1 b5 23. Nf4 c4 24. Ne2 Rc7 25. b4 a5 26. Nd4 axb4 27. axb4 Ra7 28. Ra1 Rea8 29. Qc3 Ra4 30. Rxa4 bxa4 31. Ra1 Rc8 32. Rd1 Nb5 33. Nxb5 Bxb5 34. Rd4 Ra8 35. Qa3 Rc8 36. Qc3 Ra8 37. Qa3 Rc8 38. Qc3 1/2-1/2

[Event "Belgrade Serbia op"]
[Site "Belgrade"]
[Date "2023.07.24"]
[Round "9"]
[White "Southcott Moyers, Indy"]
[Black "Gagic, Milan A"]
[Result "1-0"]
[WhiteElo "2086"]
[BlackElo "2254"]
[PlyCount "81"]
[EventDate "2023.07.16"]
[EventType "swiss"]
[EventRounds "9"]
[EventCountry "SRB"]
[SourceTitle "EXT 2024"]
[Source "ChessBase"]
[SourceDate "2023.10.10"]
[SourceVersion "1"]
[SourceVersionDate "2023.10.10"]
[SourceQuality "1"]

1. d4 Nf6 2. c4 e6 3. Nf3 d5 4. Nc3 Nbd7 5. Bg5 c6 6. e3 Qa5 7. Nd2 Bb4 8. Qc2 0-0 9. Be2 Ne4 10. Ndxe4 dxe4 11. Bh4 c5 12. 0-0 cxd4 13. exd4 Bxc3 14. bxc3 e5 15. c5 Re8 16. Rab1 exd4 17. cxd4 Nf8 18. Bb5 Re6 19. Bc4 Re8 20. Bd5 Ng6 21. Bg3 Qd8 22. Bxe4 Qxd4 23. Bxb7 Bxb7 24. Rxb7 Rac8 25. Qb3 Nh8 26. Bd6 a6 27. h3 h5 28. Qf3 h4 29. Ra7 Qc4 30. Qb3 Qxb3 31. axb3 Rc6 32. Ra1 f6 33. R1xa6 Rcc8 34. Rd7 Nf7 35. Raa7 Ng5 36. Rxg7+ Kh8 37. f4 Re1+ 38. Kf2 Rce8 39. fxg5 R8e2+ 40. Kf3 Re3+ 41. Kf4 1-0

[Event "Belgrade Serbia op"]
[Site "Belgrade"]
[Date "2023.07.23"]
[Round "8"]
[White "Gagic, Milan A"]
[Black "Phatak, Aanjaneya"]
[Result "1-0"]
[WhiteElo "2254"]
[BlackElo "2040"]
[PlyCount "120"]
[EventDate "2023.07.16"]
[EventType "swiss"]
[EventRounds "9"]
[EventCountry "SRB"]
[SourceTitle "EXT 2024"]
[Source "ChessBase"]
[SourceDate "2023.10.10"]
[SourceVersion "1"]
[SourceVersionDate "2023.10.10"]
[SourceQuality "1"]

1. e4 c5 2. Nc3 g6 3. d4 cxd4 4. Qxd4 Nf6 5. Be3 Nc6 6. Qd2 d6 7. f3 Bg7 8. Nge2 0-0 9. 0-0-0 Be6 10. Nf4 Ne5 11. Nxe6 fxe6 12. Kb1 Qa5 13. Nb5 Qd8 14. Be2 a6 15. Nd4 Qc8 16. h4 Nh5 17. g4 Ng3 18. Rh3 Nxe2 19. Qxe2 Nc4 20. h5 Nxe3 21. Qxe3 Qc5 22. hxg6 hxg6 23. c3 e5 24. Nc2 Qxe3 25. Nxe3 Rf7 26. Kc2 Raf8 27. Rf1 e6 28. Kd3 Rd7 29. c4 b5 30. b3 bxc4+ 31. bxc4 Rb8 32. Rh2 Rc7 33. Rff2 Bf6 34. Rb2 Rcb7 35. Nd1 d5 36. cxd5 exd5 37. Rxb7 dxe4+ 38. Kxe4 Rxb7 39. Rb2 Rd7 40. Nc3 Rd4+ 41. Ke3 Bg5+ 42. Ke2 Bf4 43. Ne4 Ra4 44. Kd3 g5 45. Nc5 Ra3+ 46. Nb3 Ra4 47. Nc5 Ra3+ 48. Ke4 Re3+ 49. Kf5 Rxf3 50. Rb3 Rf2 51. Ne6 Kf7 52. Rb7+ Ke8 53. a4 Bg3+ 54. Kxg5 e4 55. Rb4 Re2 56. Nd4 Rf2 57. Nf5 Bf4+ 58. Kg6 e3 59. Re4+ Kf8 60. Ng7 Be5 1-0

[Event "Belgrade Serbia op"]
[Site "Belgrade"]
[Date "2023.07.22"]
[Round "7"]
[White "Cansu, Batuhan"]
[Black "Gagic, Milan A"]
[Result "1/2-1/2"]
[WhiteElo "2043"]
[BlackElo "2254"]
[PlyCount "65"]
[EventDate "2023.07.16"]
[EventType "swiss"]
[EventRounds "9"]
[EventCountry "SRB"]
[SourceTitle "CBM 215 Extra"]
[Source "ChessBase"]
[SourceDate "2023.09.30"]
[SourceVersion "1"]
[SourceVersionDate "2023.09.30"]
[SourceQuality "1"]

1. d4 e6 2. Nf3 Nf6 3. g3 b5 4. Bg2 Bb7 5. 0-0 Be7 6. a4 b4 7. c4 bxc3 8. Nxc3 0-0 9. a5 Na6 10. Bg5 Rb8 11. Qd2 c5 12. Rfd1 Bxf3 13. Bxf3 d5 14. Rdb1 Qc8 15. e3 Rd8 16. Be2 Nb4 17. Ra4 Nc6 18. Bxf6 gxf6 19. dxc5 Bxc5 20. Rg4+ Kh8 21. e4 Ne5 22. Rh4 Bf8 23. exd5 exd5 24. Rd4 Bb4 25. Rc1 Bxa5 26. Rxd5 Rxd5 27. Qxd5 Bxc3 28. Rxc3 Qf5 29. b3 Qe6 30. Qxe6 fxe6 31. f4 Ng6 32. Rc6 Rxb3 33. Rxe6 1/2-1/2

[Event "Belgrade Serbia op"]
[Site "Belgrade"]
[Date "2023.07.21"]
[Round "6"]
[White "Gagic, Milan A"]
[Black "Girgis, Lazar"]
[Result "1-0"]
[WhiteElo "2254"]
[BlackElo "1965"]
[PlyCount "61"]
[EventDate "2023.07.16"]
[EventType "swiss"]
[EventRounds "9"]
[EventCountry "SRB"]
[SourceTitle "CBM 215 Extra"]
[Source "ChessBase"]
[SourceDate "2023.09.30"]
[SourceVersion "1"]
[SourceVersionDate "2023.09.30"]
[SourceQuality "1"]

1. d4 Nf6 2. Nc3 d5 3. Bf4 a6 4. e3 e6 5. Nf3 c5 6. Ne5 b5 7. dxc5 Bxc5 8. Bd3 Nbd7 9. h4 Nxe5 10. Bxe5 Bd6 11. Bxd6 Qxd6 12. Qf3 Bb7 13. 0-0-0 Qb4 14. h5 h6 15. Qg3 0-0 16. Rh4 Qc5 17. Kb1 Rfc8 18. Qe5 Qc7 19. Qxc7 Rxc7 20. g4 Rac8 21. f4 d4 22. exd4 Bf3 23. Rg1 Kf8 24. Rg3 b4 25. g5 bxc3 26. gxf6 Bd5 27. Rxg7 Rb8 28. b3 Rb4 29. Rh7 Ke8 30. Rg4 e5 31. Bf5 1-0

[Event "Vojvodina op 13th"]
[Site "Novi Sad"]
[Date "2023.07.01"]
[Round "3"]
[White "Shivakumar, Shawnak"]
[Black "Gagic, Milan A"]
[Result "1-0"]
[WhiteElo "2387"]
[BlackElo "2254"]
[PlyCount "73"]
[EventDate "2023.06.29"]
[EventType "swiss"]
[EventRounds "9"]
[EventCountry "SRB"]
[SourceTitle "CBM 215 Extra"]
[Source "ChessBase"]
[SourceDate "2023.09.30"]
[SourceVersion "1"]
[SourceVersionDate "2023.09.30"]
[SourceQuality "1"]

1. d4 e6 2. Nf3 d5 3. c4 Nf6 4. Nc3 Bb4 5. cxd5 exd5 6. Bg5 h6 7. Bh4 g5 8. Bg3 Ne4 9. Nd2 Nxd2 10. Qxd2 c5 11. a3 Bxc3 12. Qxc3 cxd4 13. Qxd4 0-0 14. h4 Nc6 15. Qd2 d4 16. hxg5 hxg5 17. b4 a6 18. Rc1 f5 19. f4 g4 20. Qa2+ Kg7 21. Rh5 Qd6 22. Rg5+ Kh6 23. Qd2 Be6 24. e4 fxe4 25. Bc4 Rae8 26. Qf2 Kh7 27. f5 e3 28. Bxd6 exf2+ 29. Kd2 Rf6 30. fxe6 Rexe6 31. Bxe6 f1Q 32. Rxf1 Rxf1 33. Bd5 Ra1 34. Be4+ Kh8 35. b5 axb5 36. Rxb5 Ra2+ 37. Kd3 1-0

[Event "Pozarevac Rudar 8th"]
[Site "Pozarevac"]
[Date "2022.12.26"]
[Round "8"]
[White "Ristic, Nebojsa M"]
[Black "Gagic, Milan A"]
[Result "1/2-1/2"]
[WhiteElo "2335"]
[BlackElo "2166"]
[PlyCount "28"]
[EventDate "2022.12.20"]
[EventType "tourn"]
[EventRounds "9"]
[EventCountry "SRB"]
[SourceTitle "CBM 212 Extra"]
[Source "ChessBase"]
[SourceDate "2023.03.31"]
[SourceVersion "1"]
[SourceVersionDate "2023.03.31"]
[SourceQuality "1"]

1. d4 Nf6 2. c4 e6 3. Nf3 d5 4. Nc3 Be7 5. Bg5 c6 6. cxd5 cxd5 7. e3 0-0 8. Bxf6 Bxf6 9. Bd3 Nc6 10. 0-0 g6 11. Rc1 Bd7 12. a3 a6 13. Qe2 Bg7 14. Rfd1 Rc8 1/2-1/2

[Event "Pozarevac Rudar 8th"]
[Site "Pozarevac"]
[Date "2022.12.23"]
[Round "4"]
[White "Pajcin, Lav"]
[Black "Gagic, Milan A"]
[Result "1/2-1/2"]
[WhiteElo "2183"]
[BlackElo "2166"]
[PlyCount "58"]
[EventDate "2022.12.20"]
[EventType "tourn"]
[EventRounds "9"]
[EventCountry "SRB"]
[SourceTitle "CBM 212 Extra"]
[Source "ChessBase"]
[SourceDate "2023.03.31"]
[SourceVersion "1"]
[SourceVersionDate "2023.03.31"]
[SourceQuality "1"]

1. e4 e5 2. Nf3 Nf6 3. d4 Nxe4 4. Bd3 d5 5. Nxe5 Nd7 6. Nxd7 Bxd7 7. 0-0 Bd6 8. Nd2 Nxd2 9. Bxd2 0-0 10. Qh5 f5 11. Rfe1 c6 12. Bg5 Qc7 13. Be7 Rf7 14. Bxd6 Qxd6 15. c3 g6 16. Qh4 f4 17. Re5 Qf6 18. Qxf6 Rxf6 19. Rae1 Kf8 20. h4 Re8 21. h5 Ree6 22. Rxe6 Bxe6 23. Re5 Bf5 24. Bxf5 Rxf5 25. Rxf5+ gxf5 26. Kf1 f3 27. gxf3 Kg7 28. Kg2 Kh6 29. f4 Kxh5 1/2-1/2

[Event "SRB-chT 2nd League"]
[Site "Vrnjacka Banja"]
[Date "2022.11.06"]
[Round "4.5"]
[White "Tancik, Kristijan"]
[Black "Gagic, Milan A"]
[Result "1-0"]
[WhiteElo "2265"]
[BlackElo "2129"]
[PlyCount "103"]
[EventDate "2022.11.04"]
[EventType "team-tourn"]
[EventRounds "11"]
[EventCountry "SRB"]
[SourceTitle "CBM 211 Extra"]
[Source "ChessBase"]
[SourceDate "2023.01.31"]
[SourceVersion "1"]
[SourceVersionDate "2023.01.31"]
[SourceQuality "1"]
[WhiteTeam "Pacir Backa"]
[BlackTeam "Petrovaradin Kraljica"]
[WhiteTeamCountry "SRB"]
[BlackTeamCountry "SRB"]

1. d4 Nf6 2. c4 e6 3. Nf3 d5 4. g3 Be7 5. Bg2 0-0 6. 0-0 dxc4 7. Ne5 Nc6 8. Nxc6 bxc6 9. Na3 Rb8 10. Nxc4 c5 11. Na5 Bd7 12. Nb7 Qe8 13. Nxc5 Bxc5 14. dxc5 Bc6 15. f3 Ba8 16. Qc2 Qb5 17. e4 Nd7 18. b3 f5 19. Be3 Nf6 20. exf5 Nd5 21. Bd4 exf5 22. Rae1 f4 23. Re5 Nb4 24. Qd2 Qd7 25. Bh3 Qxh3 26. Re7 Qh6 27. Rxg7+ Qxg7 28. Bxg7 Kxg7 29. Qd4+ Kg8 30. Re1 Nd5 31. Re5 Nf6 32. Qxf4 Rbd8 33. Re7 Rd5 34. Rxc7 Ne8 35. Qg4+ Kh8 36. Rxa7 Rd1+ 37. Kf2 Bxf3 38. Qxf3 Rxf3+ 39. Kxf3 Kg8 40. b4 Rc1 41. a3 Nf6 42. Kf4 h6 43. Kf5 Nd5 44. Ke6 Nc3 45. Rb7 Re1+ 46. Kd6 Rd1+ 47. Kc6 Kf8 48. Rh7 Ra1 49. b5 Ne4 50. b6 Rb1 51. b7 Kg8 52. Rc7 1-0

[Event "SRB-chT 2nd League"]
[Site "Vrnjacka Banja"]
[Date "2022.11.05"]
[Round "2.6"]
[White "Milekic, Daniel"]
[Black "Gagic, Milan A"]
[Result "1-0"]
[WhiteElo "2264"]
[BlackElo "2129"]
[PlyCount "83"]
[EventDate "2022.11.04"]
[EventType "team-tourn"]
[EventRounds "11"]
[EventCountry "SRB"]
[SourceTitle "CBM 211 Extra"]
[Source "ChessBase"]
[SourceDate "2023.01.31"]
[SourceVersion "1"]
[SourceVersionDate "2023.01.31"]
[SourceQuality "1"]
[WhiteTeam "Dec"]
[BlackTeam "Petrovaradin Kraljica"]
[WhiteTeamCountry "SRB"]
[BlackTeamCountry "SRB"]

1. d4 Nf6 2. c4 e6 3. Nf3 d5 4. Nc3 Bb4 5. cxd5 exd5 6. Bg5 h6 7. Bh4 c5 8. e3 c4 9. Nd2 Bxc3 10. bxc3 0-0 11. Qc2 Nc6 12. Be2 b5 13. a3 Re8 14. 0-0 g5 15. Bg3 Qd7 16. Rfb1 a6 17. h3 Qf5 18. Qb2 Qg6 19. a4 Bf5 20. Re1 bxa4 21. Rxa4 g4 22. hxg4 Bxg4 23. Bxg4 Nxg4 24. Qb1 f5 25. Bf4 Ra7 26. Nf3 Rf7 27. Rxa6 Re6 28. Qb5 Rd7 29. Nh4 Qf6 30. Nxf5 Qxf5 31. Rxc6 Rf7 32. Rxe6 Qxe6 33. Ra1 Nf6 34. Ra8+ Kh7 35. Qb8 Kg6 36. Qh8 Rh7 37. Qf8 h5 38. f3 Qf5 39. Ra6 Rg7 40. Rxf6+ Qxf6 41. Qxf6+ Kxf6 42. Be5+ 1-0

[Event "Wch U20 59th"]
[Site "Cala Gonone"]
[Date "2022.10.20"]
[Round "9"]
[White "Dimakis, Stavros"]
[Black "Gagic, Milan A"]
[Result "0-1"]
[WhiteElo "1832"]
[BlackElo "2125"]
[PlyCount "92"]
[EventDate "2022.10.12"]
[EventType "swiss"]
[EventRounds "11"]
[EventCountry "ITA"]
[SourceTitle "CBM 210 Extra"]
[Source "ChessBase"]
[SourceDate "2022.11.30"]
[SourceVersion "1"]
[SourceVersionDate "2022.11.30"]
[SourceQuality "1"]

1. e4 e5 2. Nf3 Nc6 3. Bb5 a6 4. Ba4 b5 5. Bb3 Na5 6. Bxf7+ Kxf7 7. Nxe5+ Ke7 8. Qf3 Nf6 9. b4 Nc6 10. Nxc6+ dxc6 11. c3 Bg4 12. Qg3 Be6 13. e5 Nd5 14. a4 Qe8 15. a5 Qg6 16. Qxg6 hxg6 17. d4 Kd7 18. Bd2 Be7 19. Na3 g5 20. Nc2 Rh5 21. Kf1 Nf4 22. f3 Rf8 23. h3 g4 24. Bxf4 Rxf4 25. Kf2 gxf3 26. g3 Rf8 27. h4 Rfh8 28. Ne3 g5 29. Kxf3 gxh4 30. gxh4 Bd5+ 31. Nxd5 cxd5 32. Rag1 Rxh4 33. Rxh4 Rxh4 34. Rg6 Rh3+ 35. Kf4 c6 36. Rg8 Rxc3 37. Ra8 Bxb4 38. Rxa6 Rc4 39. Kf5 Rxd4 40. Ra7+ Kc8 41. a6 Bc5 42. Ra8+ Kc7 43. e6 Ra4 44. Kf6 Kb6 45. Rb8+ Kxa6 46. Kf7 Rf4+ 0-1

[Event "Wch U20 59th"]
[Site "Cala Gonone"]
[Date "2022.10.13"]
[Round "2"]
[White "Gagic, Milan A"]
[Black "Galaviz Medina, Sion Radamantys"]
[Result "0-1"]
[WhiteElo "2125"]
[BlackElo "2345"]
[PlyCount "56"]
[EventDate "2022.10.12"]
[EventType "swiss"]
[EventRounds "11"]
[EventCountry "ITA"]
[SourceTitle "CBM 210 Extra"]
[Source "ChessBase"]
[SourceDate "2022.11.30"]
[SourceVersion "1"]
[SourceVersionDate "2022.11.30"]
[SourceQuality "1"]

1. e4 c5 2. Nf3 d6 3. d4 cxd4 4. Nxd4 Nf6 5. Nc3 a6 6. Rg1 e6 7. g4 b5 8. g5 Nfd7 9. a3 Bb7 10. Be3 Nc6 11. Nxc6 Bxc6 12. Qd4 Qb8 13. f4 Qb7 14. 0-0-0 a5 15. Nd5 Nc5 16. Bd3 exd5 17. exd5 Bd7 18. Bd2 Kd8 19. Rg3 Qc7 20. Kb1 Nxd3 21. cxd3 Bf5 22. Rc1 Qa7 23. Qc3 Rc8 24. Qb3 Rxc1+ 25. Bxc1 Qc5 26. Be3 a4 27. Qd1 Qxd5 28. Qc1 Kd7 0-1

[Event "Wch U20 59th"]
[Site "Cala Gonone"]
[Date "2022.10.13"]
[Round "3"]
[White "Liloni, Francesco Mattia"]
[Black "Gagic, Milan A"]
[Result "1-0"]
[WhiteElo "1876"]
[BlackElo "2125"]
[PlyCount "123"]
[EventDate "2022.10.12"]
[EventType "swiss"]
[EventRounds "11"]
[EventCountry "ITA"]
[SourceTitle "CBM 210 Extra"]
[Source "ChessBase"]
[SourceDate "2022.11.30"]
[SourceVersion "1"]
[SourceVersionDate "2022.11.30"]
[SourceQuality "1"]

1. e4 d5 2. exd5 Qxd5 3. Nf3 Bg4 4. Be2 Nc6 5. 0-0 Nf6 6. h3 Bh5 7. Nc3 Qd7 8. b4 a6 9. Rb1 e6 10. b5 axb5 11. Rxb5 Ra7 12. d4 Bxf3 13. Bxf3 Nxd4 14. Rxb7 Rxb7 15. Bxb7 Be7 16. Be3 c5 17. Ba6 0-0 18. a4 Rd8 19. Qb1 Qd6 20. Bc4 Rb8 21. Qa2 Qe5 22. Nb5 Nxb5 23. Bxb5 Bd6 24. g3 Nh5 25. Qa1 Qf5 26. Qd1 Rd8 27. Qg4 Qe5 28. Rd1 Nf6 29. Qf4 Qxf4 30. Bxf4 Bc7 31. Rxd8+ Bxd8 32. c4 Ne4 33. Bc6 Nc3 34. Kf1 f6 35. Bd2 Nb1 36. Be1 Na3 37. Bb5 Nc2 38. Bd2 Nd4 39. f4 Kf7 40. Kf2 Ke7 41. g4 Kd6 42. Ke3 h5 43. gxh5 Nf5+ 44. Ke4 Ng3+ 45. Kf3 Nf5 46. a5 Nd4+ 47. Ke3 Bc7 48. a6 Bb6 49. Ba5 Ba7 50. Ke4 f5+ 51. Kd3 e5 52. fxe5+ Kxe5 53. Bc7+ Kf6 54. Ke3 Ne6 55. Bd6 Nd4 56. Be8 Ne6 57. h4 Nd4 58. Bd7 g5 59. h6 gxh4 60. Be8 f4+ 61. Bxf4 Nf5+ 62. Kf3 1-0